000
00289nam a22001337a 4500
008
180911b xxu||||| |||| 00| 0 eng d
020
_a
0275856909
041
_a
eng
080
_a
338
100
_a
54
101
_a
MNG
245
_a
Cost-Benefit Analysis
_c
Mishan, E.J
942
_2
udc
_c
BK
999
_c
47680
_d
47680